| 000 | 00637nam a22002057a 4500 | ||
|---|---|---|---|
| 005 | 20180626162034.0 | ||
| 008 | 180626b xxu||||| |||| 00| 0 eng d | ||
| 010 | _aA-944277 | ||
| 020 | _a8175240091 | ||
| 035 | _aA-944277 | ||
| 040 |
_adpl _bEnglish |
||
| 082 | _a796.4069 | ||
| 100 | _aBharihoke Sunil | ||
| 245 |
_aThe Gym Management / _cby Sunil Bharihoke |
||
| 260 |
_aNew Delhi _bKhel Sahitya Kendra _c1998 |
||
| 270 |
_aB-4/40-A, Keshav Puram (Lawrence Road) _bNew Delhi _e110035 |
||
| 300 |
_a99p.: _c22cm(Hb) |
||
| 650 |
_aGymnastics for men _xStudy and teaching |
||
| 942 |
_2ddc _cEN _mBHA _h6.4069 |
||
| 999 |
_c153125 _d153125 |
||